Uruguayan players in European Big Five (2000-) - Statistics

General Stats
  • This quiz has been taken 38 times
  • The average score is 53 of 193
Answer Stats
Ranking Player Positions Nationality Matches Goals (assists) Periods Clubs % Correct
1 Edinson Cavani MF, FW 479 267 (46) 2006-2023
97%
3 Luis Suárez FW 368 247 (96) 2010-2022
97%
15 Federico Valverde DF, MF, FW 235 20 (22) 2017-2025
94%
5 Damián Suárez DF, MF 324 6 (22) 2011-2012, 2013-2015, 2017-2024
90%
6 Diego Forlán MF, FW 311 139 (40) 2001-2012
90%
2 Diego Godín DF 430 23 (14) 2007-2022
90%
156 Mathías Suárez DF 11 0 (0) 2018-2020
90%
12 José María Giménez DF 252 6 (8) 2013-2025
87%
54 Fernando Muslera GK 96 0 (0) 2007-2011
84%
18 Rodrigo Bentancur MF 217 10 (22) 2017-2025
84%
75 Henry Giménez MF, FW 60 6 (2) 2009-2013
81%
4 Cristhian Stuani MF, FW 366 116 (17) 2007-2008, 2010-2014, 2016-2018, 2022-2025
74%
55 Darwin Núñez MF, FW 95 25 (13) 2022-2025
74%
24 Lucas Torreira MF 184 13 (6) 2016-2022
71%
10 Martín Cáceres DF 277 16 (8) 2007-2022
71%
93 Pablo Cáceres DF 48 0 (1) 2007-2008, 2011-2013
71%
96 Álvaro Núñez GK 46 0 (0) 2000-2001, 2004-2005
68%
157 Richard Núñez MF, FW 11 2 (0) 2004-2005
68%
43 Ronald Araújo DF 119 8 (6) 2019-2025
68%
52 Cristian Rodríguez MF 100 3 (2) 2005-2006, 2012-2015
65%
50 Darío Rodríguez DF 102 6 (1) 2002-2008
65%
36 Abel Hernández FW 132 25 (8) 2008-2012, 2014-2015, 2016-2017
61%
115 Álvaro Rodríguez FW 29 3 (1) 2022-2025
61%
148 Braian Rodríguez FW 12 2 (1) 2013-2014
61%
185 Diego Rodríguez MF 1 0 (0) 2012-2013
61%
186 Federico Rodríguez FW 1 0 (0) 2013-2014
61%
68 Guillermo Daniel Rodríguez DF 71 0 (0) 2005-2006, 2011-2015
61%
146 Jonathan Rodríguez MF, FW 13 0 (0) 2015-2016
61%
172 Ribair Rodríguez MF 6 0 (0) 2012-2013
61%
8 Matías Vecino MF, FW 299 29 (19) 2013-2025
58%
100 Álvaro Pereira DF, MF 39 1 (4) 2012-2013, 2015-2016
55%
25 Diego Laxalt DF, MF 170 9 (12) 2013-2020
55%
131 Gabriel Fernández MF, FW 20 1 (1) 2019-2020
55%
59 Seba Fernández FW 90 13 (4) 2010-2014
55%
13 Diego Pérez MF 251 2 (13) 2004-2014
52%
73 Facundo Pellistri MF, FW 61 2 (2) 2020-2024
52%
20 Maxi Gómez FW 198 52 (13) 2017-2024
52%
121 Alejandro González DF 25 0 (0) 2013-2015
48%
44 Álvaro González MF 117 4 (7) 2010-2015
48%
11 Gastón Ramírez MF, FW 267 35 (34) 2010-2021
48%
80 Giovanni González DF 58 2 (3) 2021-2024
48%
168 Juan González FW 6 1 (0) 2000-2001
48%
28 Luis Diego López DF 164 3 (0) 2004-2010
48%
22 Mathías Olivera DF 189 5 (10) 2017-2025
48%
116 Maximiliano Olivera DF 28 0 (1) 2016-2017, 2019-2021
48%
160 Nacho González MF 10 1 (0) 2007-2008, 2010-2011
48%
78 Nicolás López MF, FW 59 8 (2) 2012-2016
48%
91 Nicolás Olivera MF, FW 50 12 (5) 2001-2002, 2004-2005
48%
39 Rubén Olivera MF 126 12 (13) 2002-2004, 2006-2008, 2010-2014
48%
175 Walter López DF, MF 5 0 (0) 2008-2009
48%
30 Álvaro Recoba MF, FW 161 41 (37) 2000-2008
45%
179 Diego Poyet MF 3 0 (0) 2014-2015
45%
47 Gus Poyet MF 112 29 (15) 2000-2004
45%
32 Pablo García DF, MF 153 6 (15) 2000-2008
45%
35 Darío Silva FW 138 42 (15) 2000-2006
42%
173 Juan Ignacio Ramírez FW 5 0 (0) 2021-2022
42%
103 Sebastián Coates DF 37 1 (3) 2011-2012, 2014-2016
42%
109 Diego Lugano DF 32 1 (1) 2011-2014
39%
83 Gastón Álvarez DF 56 4 (0) 2022-2024
39%
89 Gastón Silva DF 51 0 (1) 2014-2016, 2020-2021
39%
125 Marcelo Silva DF 23 1 (1) 2010-2011, 2013-2014
39%
40 Nahitan Nández DF, MF 121 6 (10) 2019-2021, 2023-2024
39%
130 Pablo Álvarez DF 21 0 (0) 2007-2009
39%
153 Santiago Silva FW 12 1 (0) 2011-2012
39%
126 Agustín Álvarez Martínez MF, FW 22 1 (1) 2022-2023
35%
155 Guillermo Varela DF 11 0 (0) 2015-2017
35%
45 Jorge Martínez MF, FW 113 22 (4) 2007-2012
35%
61 Paolo Montero DF 84 1 (0) 2000-2005
35%
14 Walter Gargano MF 238 5 (14) 2007-2015
35%
162 Williams Martínez DF 9 1 (0) 2005-2006, 2007-2008
35%
149 Carlos Bueno FW 12 0 (0) 2005-2006
32%
63 Gustavo Varela MF 82 8 (4) 2002-2008
32%
16 Mauro Arambarri MF 224 16 (10) 2015-2025
32%
65 Santiago Bueno DF 75 0 (1) 2022-2025
32%
92 Vicente Sánchez FW 50 3 (1) 2007-2010
32%
9 Chory Castro MF, FW 296 41 (39) 2007-2018
29%
26 Javier Chevantón FW 168 62 (29) 2001-2002, 2003-2011
29%
85 Matías Viña DF, FW 56 2 (4) 2021-2024
29%
29 Diego Rolán MF, FW 162 38 (11) 2012-2019
26%
46 Gonzalo de los Santos MF 112 6 (4) 2000-2005
26%
58 Martin Satriano FW 90 10 (5) 2021-2025
26%
19 Miguel Britos DF 204 9 (3) 2008-2019
26%
128 Rodrigo Zalazar MF, FW 22 1 (6) 2022-2023
26%
84 Gastón Pereiro MF, FW 56 7 (4) 2019-2021, 2024-2025
23%
23 Leandro Cabrera DF 187 10 (4) 2009-2010, 2017-2019, 2021-2022, 2024-2025
23%
86 Manuel Ugarte Ribeiro MF 54 1 (4) 2023-2025
23%
31 Marcelo Zalayeta FW 158 27 (12) 2001-2005, 2007-2010
23%
120 Matías Cabrera MF 26 1 (2) 2012-2014
23%
67 Richard Morales FW 73 12 (4) 2002-2006
23%
7 Walter Pandiani FW 310 90 (16) 2000-2012
23%
34 Gustavo Munúa GK 150 0 (0) 2003-2004, 2007-2013
19%
158 Joaquin Sosa DF 10 0 (0) 2022-2023
19%
102 Marcelo Sosa MF 39 0 (0) 2004-2006
19%
33 Alfonso Espino DF 152 2 (11) 2020-2025
16%
112 Brian Ocampo MF, FW 31 2 (1) 2022-2024
16%
41 Carlos Diogo DF, MF 120 6 (2) 2005-2007, 2009-2011
16%
108 Christian Oliva MF 34 1 (4) 2019-2022
16%
69 Diego Alonso FW 66 9 (3) 2000-2001, 2002-2004
16%
117 Egidio Arévalo MF 27 2 (2) 2012-2013
16%
123 Fabián Carini GK 23 0 (0) 2004-2005, 2007-2008
16%
21 Iván Alonso FW 194 39 (8) 2000-2002, 2007-2011
16%
137 Marcelo Saracchi DF 17 1 (2) 2018-2019, 2021-2022
16%
105 Mauro Goicoechea GK 36 0 (0) 2012-2013, 2015-2016, 2018-2020
16%
114 Michael Santos MF, FW 30 4 (3) 2016-2017, 2018-2019
16%
48 Sebastián Eguren MF 110 4 (3) 2007-2012
16%
64 Antonio Pacheco MF, FW 81 22 (10) 2000-2001, 2003-2005
13%
135 Bruno Méndez DF 17 2 (0) 2023-2024
13%
94 Carlos Benavídez MF 47 4 (2) 2023-2025
13%
53 Erick Cabaco DF 100 2 (2) 2016-2022
13%
124 Fabián O'Neill MF 23 1 (2) 2000-2002
13%
98 Federico Ricca DF, MF 43 1 (3) 2015-2018
13%
110 Gary Kagelmacher DF 32 0 (1) 2008-2009, 2013-2014
13%
60 Gianni Guigou MF 87 2 (10) 2000-2006
13%
169 Juan Manuel Ramos DF 6 0 (0) 2020-2021
13%
76 Mauricio Lemos DF, MF 60 6 (0) 2015-2019
13%
134 Rodrigo Aguirre FW 18 1 (1) 2014-2016
13%
122 Santiago Mouriño DF 25 0 (1) 2024-2025
13%
56 Sebastián Cristóforo MF 93 0 (5) 2013-2014, 2015-2020
13%
66 Sebastián Viera GK 75 0 (0) 2005-2008
13%
193 Tabaré Viúdez MF, FW 1 0 (0) 2008-2009
13%
113 Agustín Rogel DF 30 0 (1) 2019-2020, 2022-2023
10%
132 Alan Matturro DF 19 0 (0) 2023-2025
10%
95 Alejandro Lembo DF 46 1 (3) 2003-2007
10%
62 Carlos Valdez DF 82 0 (0) 2005-2006, 2007-2009
10%
37 Fabián Canobbio MF 130 16 (9) 2003-2004, 2005-2006, 2008-2010
10%
57 Gastón Brugman MF, FW 90 2 (5) 2015-2016, 2019-2021
10%
17 Guillermo Giacomazzi MF 222 23 (27) 2001-2002, 2003-2008, 2010-2012
10%
167 Jonathan Urretaviscaya MF, FW 6 0 (0) 2010-2011
10%
49 Lucas Olaza DF 105 3 (9) 2018-2023
10%
51 Mariano Bogliacino MF 102 7 (6) 2007-2011
10%
191 Mathías Cardaccio MF 1 0 (0) 2008-2009
10%
177 Nicolás Schiappacasse MF, FW 4 0 (0) 2018-2019, 2020-2021
10%
165 Salvador Ichazo GK 7 0 (0) 2014-2015, 2018-2019
10%
147 Alejandro Correa MF 12 0 (0) 2000-2004
6%
133 Alexander Medina FW 19 4 (0) 2005-2006
6%
90 Carlos Grossmüller MF 50 4 (2) 2007-2008, 2010-2012
6%
81 Emiliano Velázquez DF 56 4 (3) 2014-2015, 2018-2019
6%
72 Fabián Estoyanoff MF, FW 61 3 (2) 2005-2008
6%
74 Federico Magallanes MF, FW 60 10 (1) 2000-2004
6%
82 Fernando Correa FW 56 12 (2) 2002-2005
6%
101 Gonzalo Sorondo DF 39 0 (1) 2001-2002, 2004-2007
6%
150 Gonzalo Vargas FW 12 0 (0) 2006-2008
6%
145 Jaime Báez DF, MF, FW 13 1 (0) 2022-2024
6%
141 Jonathan Iglesias MF 15 0 (0) 2021-2022
6%
38 Juan Ángel Albín MF, FW 129 21 (8) 2006-2013
6%
42 Marcelo Romero MF 119 4 (2) 2001-2006
6%
189 Marcel Román MF 1 0 (0) 2008-2009
6%
127 Matias Arezo MF, FW 22 0 (0) 2021-2022, 2023-2024
6%
79 Pablo Granoche FW 59 4 (2) 2009-2012
6%
181 Rubén Bentancourt FW 3 0 (0) 2013-2014
6%
87 Adrián Gunino DF 52 0 (2) 2010-2011, 2014-2015
3%
104 Alexis Rolín DF 36 0 (0) 2012-2014
3%
97 Andrés Fleurquin MF 43 1 (1) 2002-2003, 2005-2006
3%
77 Damián Macaluso DF 59 4 (0) 2006-2010
3%
176 Daniel Fonseca FW 4 0 (0) 2000-2001, 2002-2003
3%
88 Diego Ifrán FW 52 5 (3) 2010-2013
3%
184 Diego Polenta DF, MF 1 0 (0) 2010-2011
3%
163 Emiliano Alfaro FW 8 0 (0) 2011-2012
3%
129 Facundo Píriz MF, FW 21 0 (0) 2017-2019
3%
166 Ignacio Lores DF, FW 6 0 (1) 2011-2012
3%
187 Joaquín Ardaiz FW 1 0 (0) 2018-2019
3%
27 Mario Regueiro MF, FW 167 26 (16) 2000-2001, 2002-2008
3%
118 Matías Aguirregaray DF, MF 27 0 (1) 2011-2012, 2017-2018
3%
70 Nelson Abeijón MF 63 6 (0) 2004-2007
3%
192 Omar Pouso MF 1 0 (0) 2006-2007
3%
178 Ramiro Guerra MF 4 0 (0) 2017-2018
3%
71 Washington Tais DF 62 1 (2) 2000-2005
3%
106 Adrian Sarkissian MF 35 2 (5) 2005-2006, 2007-2008
0%
142 Andrés Lamas DF 13 0 (0) 2008-2009
0%
143 Cesar Falletti MF, FW 13 1 (0) 2017-2018
0%
136 Diego Jaume DF 17 2 (0) 2000-2001
0%
164 Diego Rodríguez Da Luz DF, MF 7 0 (1) 2008-2009
0%
154 Felipe Avenatti FW 11 0 (0) 2017-2018
0%
139 Germán Hornos FW 16 2 (1) 2003-2004
0%
144 Horacio Peralta MF, FW 13 0 (0) 2004-2005
0%
119 Inti Podestá MF 26 2 (1) 2001-2004
0%
107 Joe Bizera DF 35 0 (0) 2005-2008
0%
151 Jorge Delgado FW 12 1 (1) 2000-2001
0%
140 José María Franco FW 16 4 (0) 2001-2003
0%
188 Lauti MF 1 0 (0) 2020-2021
0%
182 Leonardo Melazzi FW 2 0 (0) 2012-2013
0%
111 Leonardo Migliónico DF 32 1 (0) 2007-2008, 2009-2010, 2011-2012
0%
190 Martín Ligüera MF 1 0 (0) 2003-2004
0%
170 Martín Rivas DF 6 0 (0) 2000-2001
0%
159 Mathías Abero DF, MF 10 0 (1) 2012-2013
0%
183 Matías Masiero MF 2 1 (0) 2007-2008
0%
180 Nicolás Amodio MF 3 0 (0) 2008-2009
0%
161 Pablo Ceppelini MF 9 0 (0) 2010-2013
0%
171 Pablo Pintos DF 6 0 (0) 2010-2011
0%
152 Paulo Pezzolano MF, FW 12 0 (0) 2009-2010
0%
99 Sebastián Taborda FW 41 5 (2) 2005-2008
0%
174 Sergio Órteman MF 5 1 (0) 2007-2008
0%
138 Walter Guglielmone FW 17 1 (0) 2002-2003
0%
No matching quizzes found
Score Distribution
Percent of People with Each Score
Percentile by Number Answered
Your Score History
You have not taken this quiz